|
|
|
|
| LEADER |
00000nab a2200000 a 4500 |
| 001 |
vtls000685417 |
| 003 |
SK-MaSNL |
| 005 |
20260304083650.0 |
| 008 |
250425c1998 xo 0 slo |
| 015 |
|
|
|a SNBRB1999/01-02598
|
| 035 |
|
|
|a CLN000037584
|
| 035 |
|
|
|a urn:nbn:sk:snk-abimi
|
| 035 |
|
|
|a (urnnbn)urn:nbn:sk:snk:ar-a04v5s
|
| 035 |
|
|
|a (uuid)e78dbb9a-4587-46f4-9623-c1ddc5249c8f
|
| 040 |
|
|
|a SNKBUCL
|b slo
|c SNKBUCL
|e AACR2
|
| 041 |
0 |
|
|a slo
|
| 044 |
|
|
|a xo
|c SK
|
| 080 |
|
|
|a 556.33.001.573
|2 1997
|
| 100 |
1 |
|
|a Štekauerová, Vlasta,
|d 1948-2013
|4 aut
|9 192332
|
| 245 |
1 |
0 |
|a Simulácia pohybu vody v poľnohospodársky využívanej pôde
|c Vlasta Štekauerová
|
| 300 |
|
|
|b Obr., tab.
|
| 504 |
|
|
|a Res. angl.
|
| 504 |
|
|
|a Bibliogr. odkazy
|
| 650 |
0 |
7 |
|a vody podzemné
|x infiltrácia
|x redistribúcia
|x vodivosť hydraulická nasýtená
|x modelovanie matematické
|2 snkbucl
|9 1374767
|
| 650 |
0 |
7 |
|a hydraulická vodivosť
|2 snkbucl
|9 161192
|
| 655 |
|
7 |
|a články z novín a časopisov
|2 snkbucl
|9 267496
|
| 773 |
0 |
|
|t Journal of hydrology and hydromechanics
|g Roč. 46, č. 6 (1998), s. 414-426
|x 0042-790X
|
| 850 |
|
|
|a Slovenská národná knižnica
|
| 852 |
|
|
|a Slovenská národná knižnica
|
| 954 |
|
|
|a odborná, vedecká literatúra pôvodná (slovenská)
|2 lita
|
| 958 |
|
|
|a article27
|
| 958 |
|
|
|a NB
|
| 958 |
|
|
|a OND
|
| 958 |
|
|
|a EUIPO
|
| 999 |
|
|
|c 2801039
|d 2802969
|